Normal view
MARC view
- Dong, Hao
Entry Personal Name
001 - CONTROL NUMBER
- control field: 92031
003 - CONTROL NUMBER IDENTIFIER
- control field: NUST
005 - DATE AND TIME OF LATEST TRANSACTION
- control field: 20220607110239.0
008 - FIXED-LENGTH DATA ELEMENTS
- fixed length control field: 220607|| aca||aabn | a|a d
040 ## - CATALOGING SOURCE
- Original cataloging agency: NUST
- Transcribing agency: NUST
100 ## - HEADING--PERSONAL NAME
- Personal name: Dong, Hao
670 ## - SOURCE DATA FOUND
- Source citation: Work cat.: (NUST): Dong, Hao,, Deep reinforcement learning:, 2020.
